[Event "Let's Play Chess!"]
[Site "http://www.queenalice.com/game.php?id=907492"]
[Date "2011.3.2"]
[Round "-"]
[White "leduar"]
[Black "oscarpov"]
[Result "1-0"]
[WhiteElo "1999"]
[BlackElo "1975"]

1. e4 c6 2. d4 d5 3. Nc3 dxe4 4. Nxe4 Nd7 5. Bc4 Ngf6 6. Ng5 e6 7. Qe2 Nb6 8.
Bb3 h6 9. N5f3 Be7 10. Be3 O-O 11. O-O-O Nbd5 12. Bd2 c5 13. c4 Nc7 14. dxc5
Bxc5 15. Bxh6 gxh6 16. Rxd8 1-0

[Event "Let's Play Chess!"]
[Site "http://www.queenalice.com/game.php?id=907493"]
[Date "2011.3.2"]
[Round "-"]
[White "leduar"]
[Black "oscarpov"]
[Result "0-1"]
[WhiteElo "1933"]
[BlackElo "1995"]

1. e4 e6 2. d4 d5 3. Nc3 Bb4 4. Ne2 Nf6 5. a3 Bxc3+ 6. Nxc3 Nxe4 7. Nxe4 dxe4 8.
Qg4 O-O 9. Qxe4 Qd5 10. Bd3 Qxe4+ 11. Bxe4 c6 12. O-O Rd8 13. c3 h6 14. Be3 Nd7
15. Rfd1 Nb6 16. b3 Nd5 17. Bd2 a5 18. a4 Bd7 19. c4 Nb4 20. Bxb4 axb4 21. c5 f5
22. Bf3 Be8 23. Rac1 g6 24. Rc4 g5 25. Rxb4 Rd7 26. g3 Kg7 27. h3 Rad8 28. Re1
Kf6 29. g4 Bg6 30. Rd1 Kg7 31. gxf5 Bxf5 32. Kg2 e5 33. Bg4 Bxg4 34. hxg4 exd4
35. f3 Kg6 36. Rd3 Kf6 37. Rc4 Ke5 38. b4 Ra8 39. b5 Rf8 40. Kf2 Rf4 41. bxc6
bxc6 42. a5 Ra7 43. Ra3 Kd5 44. Rc1 Rf8 45. Ra4 Raf7 46. Ra3 Rb8 47. Rc2 Ra8 48.
Ra4 Rf4 49. Rcc4 Raf8 50. Kg2 d3 51. Rxf4 Rxf4 52. Ra3 d2 53. Rd3+ Rd4 0-1

[Event "Let's Play Chess!"]
[Site "http://www.queenalice.com/game.php?id=908441"]
[Date "2011.3.4"]
[Round "-"]
[White "schwam"]
[Black "oscarpov"]
[Result "1-0"]
[WhiteElo "2074"]
[BlackElo "1978"]

1. e4 c5 2. Nf3 e6 3. d4 cxd4 4. Nxd4 a6 5. Bd3 Bc5 6. Nb3 Be7 7. O-O d6 8. c4
Nf6 9. Nc3 b6 10. f4 Bb7 11. e5 dxe5 12. fxe5 Nfd7 13. Bf4 Nc5 14. Bc2 O-O 15.
Qg4 f5 16. exf6 Bxf6 17. Rad1 Qe7 18. Bd6 Qf7 19. Bxf8 Kxf8 20. Nxc5 bxc5 21.
Ne4 Bxe4 22. Qxe4 Ra7 23. Rxf6 gxf6 24. Rd8+ Ke7 25. Rxb8 Rd7 26. Rb7 f5 27.
Qh4+ Ke8 28. Rb8+ 1-0

[Event "Let's Play Chess!"]
[Site "http://www.queenalice.com/game.php?id=911737"]
[Date "2011.3.13"]
[Round "-"]
[White "luizantoniosetti"]
[Black "oscarpov"]
[Result "1-0"]
[WhiteElo "2101"]
[BlackElo "2018"]

1. e4 c6 2. d4 d5 3. e5 Bf5 4. Nc3 e6 5. g4 Bg6 6. Nge2 a6 7. h4 h6 8. Nf4 Bh7
9. Nh5 c5 10. dxc5 Bxc5 11. Nxg7+ Kf8 12. Nh5 Nc6 13. Bf4 Nge7 14. Bxh6+ Ke8 15.
Nf6# 1-0

[Event "Let's Play Chess!"]
[Site "http://www.queenalice.com/game.php?id=911738"]
[Date "2011.3.15"]
[Round "-"]
[White "oscarpov"]
[Black "plot24"]
[Result "1-0"]
[WhiteElo "1933"]
[BlackElo "1823"]

1. d4 d5 2. Nf3 Nf6 3. g3 Nc6 4. Bg2 e6 5. O-O Bd6 6. c4 b6 7. cxd5 exd5 8. Nc3
Bb7 9. Bg5 Be7 10. e3 a6 11. Re1 Ne4 12. Bxe7 Nxe7 13. Nxe4 dxe4 14. Nd2 f5 15.
f4 exf3 16. Nxf3 Ng6 17. Qb3 Bd5 18. Qa4+ b5 19. Qb4 Qd6 20. Qxd6 cxd6 21. b3
O-O 22. Rac1 h5 23. Ng5 Bxg2 24. Kxg2 h4 25. Rc6 Rf6 26. Rec1 hxg3 27. hxg3 Ne7
28. Rc7 Nd5 29. Rc8+ Rf8 30. Rxf8+ Rxf8 31. Kf2 Nb4 32. Ra1 Re8 33. a3 Nc2 34.
Ra2 Nxe3 35. Re2 Ng4+ 36. Kf3 Rxe2 37. Kxe2 Nf6 38. Kf3 g6 39. Ne6 Kf7 40. Nc7
g5 41. Nxa6 Ke6 42. Nc7+ 1-0

[Event "Let's Play Chess!"]
[Site "http://www.queenalice.com/game.php?id=911739"]
[Date "2011.3.14"]
[Round "-"]
[White "oscarpov"]
[Black "Herivelto"]
[Result "1/2-1/2"]
[WhiteElo "1926"]
[BlackElo "1897"]

1. d4 d5 2. Bg5 Nc6 3. Nf3 Bg4 4. e3 Qd6 5. Nc3 e6 6. Bf4 Qd7 7. Be2 Bb4 8. O-O
Nf6 9. h3 Bf5 10. Nh4 Be4 11. Nxe4 Nxe4 12. Nf3 h6 13. c3 Be7 14. Ne5 Nxe5 15.
Bxe5 O-O-O 16. Bxg7 Rh7 17. Be5 Rg8 18. Bd3 f6 19. Bh2 e5 20. dxe5 Qxh3 21. g3
h5 22. Qf3 h4 23. Qg2 hxg3 24. fxg3 Nxg3 25. Qxh3+ Rxh3 26. Kg2 Rxh2+ 27. Kxh2
Nxf1+ 28. Rxf1 fxe5 29. Rf7 e4 30. Be2 Bc5 31. c4 c6 32. cxd5 cxd5 33. Rf5 Bxe3
34. Rxd5 Bg1+ 35. Kh3 Kc7 36. Bc4 Kc6 37. Re5 e3 38. Re4 Rg7 39. Rg4 Rh7+ 40.
Kg3 Bf2+ 41. Kf3 Re7 42. Be2 Kd5 43. b3 Rf7+ 44. Rf4 Rxf4+ 45. Kxf4 a5 46. Bc4+
Kd4 47. a4 Kc3 48. Ke4 Kd2 49. Kf3 b6 50. Bb5 Kc3 51. Bc4 Kd4 52. Ke2 Bg3 53.
Bd3 Bd6 54. Bg6 Bc5 55. Bd3 Kc3 56. Bc4 Kc2 57. Be6 Kc3 58. Bc4 Kb4 59. Kd3 b5
60. Bxb5 Kxb3 61. Bc6 Bb6 62. Bd7 Kb2 63. Bg4 Kc1 64. Bf3 Kb2 65. Bg4 Kb3 66.
Bd7 Kb4 67. Bb5 Kb3 68. Bd7 Ba7 69. Bb5 Kb2 70. Be8 Kc1 71. Bh5 Bb6 72. Bf3
1/2-1/2

[Event "Let's Play Chess!"]
[Site "http://www.queenalice.com/game.php?id=911740"]
[Date "2011.3.14"]
[Round "-"]
[White "Herivelto"]
[Black "oscarpov"]
[Result "1-0"]
[WhiteElo "1882"]
[BlackElo "1976"]

1. Nf3 d5 2. c4 Nf6 3. cxd5 Nxd5 4. Nc3 c6 5. d4 Bg4 6. e4 Nxc3 7. bxc3 e6 8. e5
Be7 9. Bd3 Nd7 10. Be3 Qa5 11. Bd2 Qc7 12. O-O O-O 13. Qc2 g6 14. Bh6 Rfe8 15.
Ng5 f6 16. exf6 Bxf6 17. Bxg6 Bf5 18. Bxh7+ Kh8 19. Bxf5 exf5 20. Qxf5 Bxg5 21.
Bxg5 Rf8 22. Qg6 Rg8 23. Qh6# 1-0

[Event "Let's Play Chess!"]
[Site "http://www.queenalice.com/game.php?id=911923"]
[Date "2011.3.15"]
[Round "-"]
[White "plot24"]
[Black "oscarpov"]
[Result "0-1"]
[WhiteElo "1827"]
[BlackElo "2009"]

1. d4 d5 2. e3 e6 3. c4 Nf6 4. Ne2 dxc4 5. Nec3 a6 6. Bxc4 b5 7. Bd3 c5 8. dxc5
Bxc5 9. Qc2 Bb7 10. O-O Nbd7 11. e4 Qc7 12. Nd2 O-O 13. Nb3 Ba7 14. Kh1 Ne5 15.
Bf4 Nh5 16. Be3 Bxe3 17. fxe3 Rad8 18. Nd4 Nxd3 0-1

[Event "Let's Play Chess!"]
[Site "http://www.queenalice.com/game.php?id=913594"]
[Date "2011.3.17"]
[Round "-"]
[White "oscarpov"]
[Black "OrlandoRochaFilho"]
[Result "0-1"]
[WhiteElo "1945"]
[BlackElo "2033"]

1. d4 Nf6 2. Bg5 g6 3. Bxf6 exf6 4. Nf3 Bg7 5. e4 O-O 6. Bc4 d6 7. O-O Nc6 8. c3
f5 9. Nbd2 Ne7 10. Ng5 d5 11. exd5 Nxd5 12. Ngf3 c6 13. Re1 Be6 14. Ne5 Re8 15.
f4 Nxf4 16. Bxe6 Nxe6 17. Re3 Qd5 18. Ndf3 Bf6 19. b3 Ng5 20. c4 Nxf3+ 21. gxf3
Qd8 22. f4 Bg7 23. Rc1 f6 24. Nxc6 bxc6 25. Qd2 Qc7 26. Rf1 Bh6 27. Rxe8+ Rxe8
28. Kg2 Re4 29. d5 Bxf4 30. Qd3 Be5 31. Kf3 Rf4+ 32. Kg2 Rd4 33. Qh3 cxd5 34.
cxd5 Rxd5 35. Rf2 Qc6 36. Kg1 Rd1+ 37. Rf1 Bd4+ 0-1

[Event "Let's Play Chess!"]
[Site "http://www.queenalice.com/game.php?id=913595"]
[Date "2011.3.17"]
[Round "-"]
[White "OrlandoRochaFilho"]
[Black "oscarpov"]
[Result "1-0"]
[WhiteElo "2052"]
[BlackElo "1990"]

1. b3 d5 2. Bb2 Nf6 3. e3 e6 4. Nf3 c5 5. Bb5+ Bd7 6. Bxd7+ Nbxd7 7. O-O Bd6 8.
Nc3 a6 9. d3 O-O 10. Re1 Re8 11. e4 d4 12. Ne2 Qc7 13. h3 Be7 14. c3 e5 15. Rc1
Qb6 16. cxd4 exd4 17. Rc2 Rac8 18. Qd2 Bd6 19. Rec1 Rc6 20. b4 cxb4 21. Rxc6
Qxc6 22. Rxc6 bxc6 23. Nexd4 c5 24. Nf5 Bc7 25. Qc2 Ne5 26. Nxe5 Bxe5 27. Bxe5
Rxe5 28. f3 g6 29. Nh6+ Kg7 30. Ng4 Rg5 31. Qb2 1-0

[Event "Let's Play Chess!"]
[Site "http://www.queenalice.com/game.php?id=913596"]
[Date "2011.3.18"]
[Round "-"]
[White "oscarpov"]
[Black "niclep"]
[Result "0-1"]
[WhiteElo "1956"]
[BlackElo "2076"]

1. d4 d5 2. Bg5 h6 3. Bh4 Nd7 4. Nf3 Ngf6 5. Bxf6 Nxf6 6. e3 a6 7. Bd3 Bg4 8. h3
Bxf3 9. Qxf3 e6 10. O-O c5 11. c4 Qb6 12. b3 cxd4 13. exd4 Qxd4 14. Nd2 Bd6 15.
cxd5 Nxd5 16. Rfe1 O-O 17. Re4 Qxa1+ 18. Bb1 Rac8 19. Rc4 Bb4 20. Rxc8 Rxc8 21.
Kh2 Bxd2 22. Be4 Qe5+ 23. g3 f5 24. Bxd5 exd5 0-1

[Event "Let's Play Chess!"]
[Site "http://www.queenalice.com/game.php?id=925657"]
[Date "2011.4.14"]
[Round "-"]
[White "oscarpov"]
[Black "betanio"]
[Result "0-1"]
[WhiteElo "1935"]
[BlackElo "2113"]

1. d4 d5 2. c4 Nf6 3. Nc3 e6 4. Nf3 Be7 5. e3 O-O 6. cxd5 exd5 7. Bd3 Bg4 8. O-O
c5 9. b3 cxd4 10. exd4 Nc6 11. h3 Bxf3 12. Qxf3 Nxd4 13. Qf4 Ne6 14. Qg3 Bd6 15.
Qf3 Rc8 16. Nxd5 Nxd5 17. Rd1 Nc3 18. Re1 Nd4 19. Qxb7 Rc7 20. Qa6 Rc6 21. Bxh7+
Kxh7 22. Qd3+ f5 0-1

[Event "Challenge"]
[Site "http://www.queenalice.com/game.php?id=928926"]
[Date "2011.4.22"]
[Round "-"]
[White "porai"]
[Black "oscarpov"]
[Result "1-0"]
[WhiteElo "1802"]
[BlackElo "1945"]

1. e4 c6 2. c4 d5 3. e5 Bf5 4. d4 e6 5. Nf3 Nd7 6. Bd3 Bxd3 7. Qxd3 dxc4 8. Qxc4
Nb6 9. Qc2 Rc8 10. O-O c5 11. dxc5 Rxc5 12. Qd2 Rd5 13. Qe2 Ne7 14. Nc3 Rc5 15.
Be3 Rc6 16. Ne4 Nf5 17. Rfd1 Qc7 18. Rac1 Nxe3 19. Rxc6 Qxc6 20. Qxe3 Nd5 21.
Qc1 Qxc1 22. Rxc1 Bb4 23. Rc8+ 1-0

[Event "Challenge"]
[Site "http://www.queenalice.com/game.php?id=928931"]
[Date "2011.4.22"]
[Round "-"]
[White "oscarpov"]
[Black "porai"]
[Result "1-0"]
[WhiteElo "1923"]
[BlackElo "1824"]

1. c4 g6 2. g3 Bg7 3. Bg2 Nf6 4. Nc3 O-O 5. Nf3 c6 6. O-O d6 7. b3 Nbd7 8. d4 e5
9. dxe5 Nxe5 10. Nxe5 dxe5 11. Qxd8 Rxd8 12. Rd1 Be6 13. Bg5 h6 14. Bxf6 Bxf6
15. Ne4 Rxd1+ 16. Rxd1 Be7 17. e3 f5 18. Nc3 Kf7 19. Kf1 Ke8 20. Ke2 Rd8 21.
Rxd8+ Kxd8 22. e4 Kd7 23. Kd3 a6 24. Ne2 b5 25. cxb5 axb5 26. exf5 Bxf5+ 27. Be4
Kd6 28. f3 Bxe4+ 29. Kxe4 c5 30. Nc3 b4 31. Na4 Bd8 32. Nb2 g5 33. Nc4+ Ke6 34.
Nxe5 h5 35. Nd3 Be7 36. f4 1-0

[Event "Let's Play Chess!"]
[Site "http://www.queenalice.com/game.php?id=1027532"]
[Date "2012.2.8"]
[Round "-"]
[White "HelderNanques"]
[Black "oscarpov"]
[Result "1-0"]
[WhiteElo "2130"]
[BlackElo "1975"]

1. e4 c6 2. Nf3 d5 3. exd5 cxd5 4. d4 Nf6 5. Bf4 Bg4 6. Be2 e6 7. O-O Bd6 8. Ne5
Bxe2 9. Qxe2 O-O 10. c3 Nc6 11. Nxc6 bxc6 12. Bg5 c5 13. Qf3 cxd4 14. cxd4 Rc8
15. Nc3 Be7 16. Rfd1 h6 17. Be3 a6 18. Rac1 Qb6 19. b3 Rfd8 20. Na4 Qb4 21. Qe2
Ne4 22. f3 Nf6 23. Qxa6 Rxc1 24. Rxc1 Rd6 25. Qc8+ Rd8 26. Qc3 Qb8 27. Nc5 Rc8
28. b4 Nd7 29. a4 Nb6 30. a5 Na4 31. Qd2 Nxc5 32. dxc5 Bf6 33. c6 Be7 34. Bb6
Bg5 35. c7 Bxd2 36. cxb8=Q Rxb8 37. Rb1 e5 38. Kf1 d4 39. Ke2 Bg5 40. b5 Kf8 41.
a6 Ra8 42. Bc5+ Be7 43. Bxe7+ Kxe7 44. b6 1-0

[Event "Let's Play Chess!"]
[Site "http://www.queenalice.com/game.php?id=1027650"]
[Date "2012.2.8"]
[Round "-"]
[White "constantin"]
[Black "oscarpov"]
[Result "0-1"]
[WhiteElo "1839"]
[BlackElo "1975"]

1. e4 e6 2. d4 d5 3. e5 c5 4. Bb5+ Bd7 5. Bxd7+ Nxd7 6. Nf3 cxd4 7. Qxd4 Bc5 8.
Qg4 g6 9. Bh6 Nxh6 10. Qf4 Ng8 11. Ng5 Nh6 12. Nf3 Nf5 13. Ng5 f6 14. Nxe6 Qb6
15. O-O Qxe6 16. exf6 Qxf6 17. Re1+ Kf7 18. Qd2 d4 19. c3 Rad8 20. cxd4 Bxd4 21.
Nc3 Nb6 22. Qf4 Bxc3 23. Qc7+ Ne7 24. bxc3 Rd7 25. Qc5 Rc8 26. Qe3 Ned5 27. Qh3
Kg7 28. c4 Rxc4 29. Rad1 Nf4 30. Rxd7+ Nxd7 31. Qxd7+ Kh6 32. Qd2 Qg5 33. g3
Nh3+ 34. Kg2 Qxd2 35. Re3 Ng5 36. h4 Ne4 0-1

[Event "Let's Play Chess!"]
[Site "http://www.queenalice.com/game.php?id=1027776"]
[Date "2012.2.8"]
[Round "-"]
[White "HelderNanques"]
[Black "oscarpov"]
[Result "1-0"]
[WhiteElo "2122"]
[BlackElo "1986"]

1. e4 c6 2. d4 d5 3. e5 Bf5 4. Bd3 Bxd3 5. Qxd3 e6 6. a3 c5 7. c3 Nc6 8. Ne2
Nge7 9. Bg5 Qb6 10. Qd2 h6 11. Be3 cxd4 12. cxd4 Nf5 13. g4 Nh4 14. Ng1 Be7 15.
f4 O-O-O 16. Kf2 f6 17. Nf3 fxe5 18. Nxe5 Nxe5 19. fxe5 Rhf8+ 20. Ke2 Qb5+ 21.
Kd1 Nf3 22. Qc2+ Kb8 23. Nc3 Qa6 24. Kc1 Ng5 25. Qe2 Qxe2 26. Nxe2 Ne4 27. Kc2
Rc8+ 28. Kd3 Nf2+ 29. Bxf2 Rxf2 30. Raf1 Rcf8 31. Rxf2 Rxf2 32. Ke3 Bh4 33. b4
Kc7 34. Nf4 Ra2 35. Nxe6+ Kd7 36. Nxg7 Rxa3+ 37. Kf4 Ke7 38. Nf5+ Ke6 39. Nxh4
Rd3 40. Nf3 Rb3 41. Ra1 a6 42. Ra4 Rb1 43. h4 1-0

[Event "Let's Play Chess!"]
[Site "http://www.queenalice.com/game.php?id=1027777"]
[Date "2012.2.8"]
[Round "-"]
[White "traub"]
[Black "oscarpov"]
[Result "1-0"]
[WhiteElo "1843"]
[BlackElo "1986"]

1. e4 e6 2. d4 d5 3. Nc3 dxe4 4. Nxe4 Nd7 5. Nf3 Ngf6 6. Bd3 c5 7. Be3 Nxe4 8.
Bxe4 c4 9. O-O f5 10. Bg5 Nf6 11. Bxf5 exf5 12. Re1+ Kf7 13. Ne5+ Kg8 14. Qf3 h6
15. Bxf6 Qxf6 16. Qd5+ Kh7 17. Qxc4 Bd6 18. Nf7 Rf8 19. Nxd6 Qxd6 20. Re5 Bd7
21. Rae1 Rae8 22. Rxe8 Rxe8 23. Rd1 Bc6 24. d5 Bxd5 25. Qc3 Qf4 26. b3 1-0

[Event "Let's Play Chess!"]
[Site "http://www.queenalice.com/game.php?id=1027778"]
[Date "2012.2.8"]
[Round "-"]
[White "oscarpov"]
[Black "Lucius1"]
[Result "1-0"]
[WhiteElo "1925"]
[BlackElo "1928"]

1. c4 e6 2. Nc3 d5 3. cxd5 exd5 4. Nf3 d4 5. Nb5 c5 6. g3 Bd7 7. Ne5 Be7 8. Na3
Nc6 9. Nxd7 Qxd7 10. Bg2 Nf6 11. d3 O-O 12. O-O Qe6 13. Bd2 Rac8 14. Qb3 Qxe2
15. Bf4 Nh5 16. Rae1 Qg4 17. Qxb7 Nxf4 18. Bxc6 Qg6 19. Be4 f5 20. Bg2 Nxg2 21.
Rxe7 Nf4 22. Qf3 Nh3+ 23. Kg2 Ng5 24. Qd5+ Kh8 25. h4 Rfd8 26. Qc4 Qf6 27. Rxa7
Qb6 28. Qa6 Qxa6 29. Rxa6 Nf7 30. Re1 Ra8 31. Rc6 Rdc8 32. Rxc8+ Rxc8 33. Nc4 g6
34. a4 Rc7 35. a5 Kg7 36. Re6 Nd8 37. Rb6 Nc6 38. Nd6 Kh6 39. a6 Ne5 40. Nxf5+
Kh5 41. Rb7 Rxb7 42. axb7 Nc6 43. Ng7+ Kh6 44. Ne6 Nb8 45. g4 g5 46. h5 c4 47.
Kg3 cxd3 48. f4 gxf4+ 49. Kh4 1-0

[Event "Let's Play Chess!"]
[Site "http://www.queenalice.com/game.php?id=1027779"]
[Date "2012.2.8"]
[Round "-"]
[White "traub"]
[Black "oscarpov"]
[Result "1-0"]
[WhiteElo "1865"]
[BlackElo "1964"]

1. d4 d5 2. c4 dxc4 3. Nc3 e5 4. d5 c6 5. e4 Nf6 6. Bxc4 b5 7. Bd3 b4 8. Nce2
cxd5 9. Qa4+ Bd7 10. Bb5 Nxe4 11. Bxd7+ Qxd7 12. Qc2 Nc6 13. Nf3 Be7 14. O-O O-O
15. b3 Nc3 16. Nxc3 bxc3 17. Qxc3 e4 18. Ne5 Nxe5 19. Qxe5 Bf6 20. Qg3 Bxa1 21.
Ba3 Bf6 22. Bxf8 Rxf8 23. Rd1 d4 24. Qf4 Re8 25. h3 d3 26. g4 1-0

[Event "Let's Play Chess!"]
[Site "http://www.queenalice.com/game.php?id=1027939"]
[Date "2012.2.10"]
[Round "-"]
[White "oscarpov"]
[Black "FerreiraAzevedo"]
[Result "1/2-1/2"]
[WhiteElo "1961"]
[BlackElo "2503"]

1. c4 e5 2. Nc3 Nf6 3. g3 Nc6 4. Bg2 Bc5 5. Nf3 d6 6. O-O O-O 7. d3 h6 8. a3 Nd4
9. Bd2 Nxf3+ 10. Bxf3 c6 11. Na4 Bd4 12. e3 Bb6 13. Nxb6 axb6 14. Bg2 Be6 15.
Bc3 Qd7 16. f3 Rfe8 17. Qb3 b5 18. a4 bxa4 19. Rxa4 b5 20. Rxa8 Rxa8 21. Rd1 Qc7
22. Qc2 bxc4 23. dxc4 Bxc4 24. Bxe5 dxe5 25. Qxc4 Qb6 26. Qc3 Nd5 27. Qxe5 Nxe3
28. Qd4 Qb3 29. Rc1 Nxg2 30. Kxg2 Ra2 31. Rxc6 Rxb2+ 32. Kh3 Qxf3 33. Rc8+ Kh7
34. Qxb2 Qf5+ 35. Kg2 Qxc8 36. h3 g6 37. Kh2 Qh8 38. Qa2 Qf6 39. Qd2 g5 40. Kg2
h5 41. Qd3+ Kh6 42. Qe3 Qb2+ 43. Kh1 Qb1+ 44. Kg2 Qa2+ 45. Kg1 Qe6 46. Qd4 Kg6
47. Qd3+ Kg7 48. Qd4+ f6 49. Qb4 Qe3+ 50. Kg2 Qe2+ 51. Kg1 Qd1+ 52. Kf2 Qd7 53.
g4 h4 54. Qe4 Qd2+ 55. Kg1 Qc1+ 56. Kf2 Qc5+ 57. Kf1 Qa3 58. Ke2 Qb2+ 59. Kf1
Qa3 60. Ke2 Qd6 61. Ke3 Kf8 62. Qg6 Qe5+ 63. Kd3 Qd5+ 64. Kc3 Ke7 65. Qd3 Qxd3+
66. Kxd3 f5 67. gxf5 g4 68. f6+ Kxf6 69. Ke3 g3 70. Kf3 Kf5 71. Kg2 Kf4 72. Kg1
Ke3 73. Kg2 Ke4 74. Kg1 1/2-1/2

[Event "Let's Play Chess!"]
[Site "http://www.queenalice.com/game.php?id=1027947"]
[Date "2012.2.10"]
[Round "-"]
[White "oscarpov"]
[Black "Belbo"]
[Result "1-0"]
[WhiteElo "1941"]
[BlackElo "2051"]

1. d4 Nf6 2. Nf3 g6 3. g3 Bg7 4. Bg2 O-O 5. O-O d6 6. b3 e5 7. dxe5 dxe5 8. Ba3
Re8 9. Nc3 Nc6 10. Ng5 h6 11. Nge4 Nxe4 12. Bxe4 Be6 13. Bc5 f5 14. Bxc6 bxc6
15. e4 f4 16. Qe2 Qg5 17. Rfd1 Bg4 18. f3 Bh3 19. Bf2 Rad8 20. Na4 fxg3 21. hxg3
Kh7 22. Rxd8 Rxd8 23. Rd1 Rxd1+ 24. Qxd1 h5 25. Kh2 Bc8 26. Bxa7 h4 27. Bf2
hxg3+ 28. Bxg3 Qh5+ 29. Kg2 Bh3+ 30. Kf2 Qg5 31. Nb2 Bf8 32. Nd3 Bd6 33. Qe1 Be6
34. a4 c5 35. Qc3 1-0

[Event "Let's Play Chess!"]
[Site "http://www.queenalice.com/game.php?id=1027949"]
[Date "2012.2.11"]
[Round "-"]
[White "oscarpov"]
[Black "Taurus"]
[Result "0-1"]
[WhiteElo "1944"]
[BlackElo "2018"]

1. d4 d5 2. Nf3 Nf6 3. g3 Bf5 4. Bg2 e6 5. O-O c6 6. c3 Be7 7. Nh4 Be4 8. Bf4 h6
9. Nf3 c5 10. Nbd2 O-O 11. Qb3 b6 12. Nxe4 Nxe4 13. Rfd1 c4 14. Qc2 Nd7 15. Ne5
Ndf6 16. Nxc4 Rc8 17. Ne5 Bd6 18. f3 Ng5 19. h4 Ngh7 20. g4 b5 21. Qb3 a6 22. a4
Qb6 23. e3 Bxe5 24. dxe5 Nd7 25. Rd4 Nc5 26. Qb4 Rb8 27. axb5 Qc7 28. Rxa6 Nxa6
29. Qa3 Nc5 30. c4 Ra8 31. Qb4 Ra4 32. Qc3 dxc4 33. Rxc4 Rxc4 34. Qxc4 Rc8 35.
Bg3 Qd7 36. Bf1 Nb7 37. Qd4 Qc7 38. b6 Qc6 39. e4 Rd8 40. Qb4 Nf8 41. Bf2 Nd7
42. Qd4 Qc1 43. Kg2 Ndc5 44. Qc3 Qxc3 45. bxc3 Rd2 46. Kg3 Rb2 0-1

[Event "Let's Play Chess!"]
[Site "http://www.queenalice.com/game.php?id=1028379"]
[Date "2012.2.10"]
[Round "-"]
[White "oscarpov"]
[Black "IlTurlaghino"]
[Result "1-0"]
[WhiteElo "1965"]
[BlackElo "2080"]

1. c4 f5 2. Nc3 Nf6 3. g3 g6 4. Bg2 c6 5. Nf3 Bg7 6. O-O Qc7 7. d4 Ne4 8. Nxe4
fxe4 9. Ng5 d5 10. Be3 e5 11. cxd5 cxd5 12. dxe5 Qxe5 13. f4 Qf6 14. Qxd5 Qf5
15. Bxe4 Qd7 16. Qc4 Bf6 17. Rad1 b5 18. Rxd7 bxc4 19. Rxh7 Rxh7 20. Nxh7 Bxb2
21. Bxa8 Bf5 22. Bd5 c3 23. Bd4 a5 24. Rf3 a4 25. g4 a3 26. Nf6+ Ke7 27. Re3+
Kd6 28. gxf5 c2 29. Re6+ Kc7 30. Re7+ Kd6 31. Re6+ Kc7 32. Bb6+ 1-0